Feedstuffs Identification - Statistics

General Stats
  • This quiz has been taken 4 times
  • The average score is 9 of 106
Answer Stats
Hint Answer % Correct
Alfalfa
67%
Alfalfa hay Hay/Dry Roughage
67%
Alfalfa
33%
Alfalfa
33%
Alfalfa
33%
Almond processing byproduct
33%
Bakery Industry
33%
Barley seed
33%
Corn
33%
Corn
33%
Corn
33%
Cotton industry byproduct
33%
Ensiled, chopped whole corn plant
33%
Lime stone rock
33%
Meat processing byproduct
33%
Oat seed
33%
Orchard grass
33%
Processed Peanuts
33%
Rock Phosphate
33%
Sorghum seed
33%
Soybean
33%
Soybean processing, 44% SBM contains soy hulls
33%
Sugar beet byproduct
33%
Urea
33%
Wheat grain
33%
All animal species
0%
All animal species
0%
All animal species
0%
All animal species
0%
All animal species
0%
All animal species
0%
All animal species
0%
Beef and Dairy cattle
0%
Beef and Dairy cattle
0%
Beef and Dairy cattle,
0%
Beef and Dairy cattle
0%
Beef and Dairy cattle, Gestating swine
0%
Beef and dairy cattle, Swine
0%
Beef cattle
0%
Beef Cattle
0%
Beef cattle Dairy cattle, Poultry, Swine
0%
Beef, dairy (calves), horses, Swine (pregnant sows)
0%
Byproduct ethanol and distilled spirits industry
0%
Calcium soaps of palm oil fatty acids
0%
Corn milling byproduct
0%
Corn milling byproduct
0%
Corn seed
0%
Dairy, Beef, Horses
0%
Dairy cattle
0%
Dairy cattle, Poultry, Swine
0%
Dairy, Swine
0%
Domestic Ruminants
0%
Domestic Ruminants
0%
Domestic ruminants
0%
Alfalfa Meal Dry Roughage
0%
Alfalfa pellets Dry roughage
0%
Peanut hulls Dry roughage
0%
Almond Hulls Energy feed
0%
Bakery Product Energy feed
0%
Barley Energy feed
0%
Beet pulp Energy feed
0%
Cracked shelled corn Energy feed
0%
Ground shelled corn Energy feed
0%
Steam flaked corn Energy feed
0%
Whole Shelled Corn Energy feed
0%
Whole cottonseed Energy feed
0%
Megalac (rumen bypass fat) Energy feed
0%
Oats Energy feed
0%
Sorghum (Milo) Energy feed
0%
Soybean hulls Energy feed
0%
Wheat Energy feed
0%
Wheat bran Energy feed
0%
Wheat mids Energy feed
0%
Alfalfa Haylage Ensiled forage
0%
Corn silage Ensiled forage
0%
Orchard grass hay Hay or dry roughage
0%
Meat processing byproduct
0%
Mined mineral
0%
Mined mineral
0%
Dicalcium phosphate Mineral supplement
0%
Limestone Mineral supplement
0%
Salt Mineral supplement
0%
Trace mineral salt Mineral supplement
0%
Poultry, Swine, Ruminants and Non-ruminant herbivores
0%
Poultry, swine, ruminants, herbivores
0%
Blood meal Protein supplement
0%
Corn gluten feed Protein supplement
0%
Corn gluten meal Protein supplement
0%
Distillers grains Protein supplement
0%
Meat and bone meal Protein supplement
0%
Whole soybeans Protein supplement
0%
Soybean meal 49% CP Protein supplement
0%
Urea Protein supplement (NPN source for ruminants)
0%
Ruminants
0%
Ruminants and herbivores
0%
Ruminants and herbivores
0%
Ruminants and horses
0%
Ruminants and horses
0%
Ruminants and horses
0%
Ruminants and Horses
0%
Ruminants and Horses
0%
Ruminants, Poultry, Swine
0%
Soybean processing: seed hull
0%
Swine and Poultry
0%
Wheat milling byproduct
0%
Wheat milling byproduct, seed coat
0%
No matching quizzes found
Score Distribution
Percent of People with Each Score
Percentile by Number Answered
Your Score History
You have not taken this quiz